Cultivo intensivo de especies ornamentales : bases científicas y tecnológicas /
Guardado en:
| Autor Principal: | |
|---|---|
| Formato: | Libro |
| Publicado: |
Buenos Aires :
Fauba,
2004
|
| Materias: | |
| Etiquetas: |
Agregar Etiqueta
Sin Etiquetas, Sea el primero en etiquetar este registro!
|
| LEADER | 01371nam a22001815a 4500 | ||
|---|---|---|---|
| 001 | CEM.cems017186 | ||
| 005 | 20090818121223.0 | ||
| 008 | 130507s2004##################000#0#####d | ||
| 003 | CEMS | ||
| 020 | |a 9502908260 | ||
| 082 | 0 | 4 | |a 635.9 |
| 100 | 1 | |a Di Benedetto, Adalberto | |
| 245 | 1 | 0 | |a Cultivo intensivo de especies ornamentales : |b bases científicas y tecnológicas / |c Adalberto Di Benedetto |
| 260 | |a Buenos Aires : |b Fauba, |c 2004 | ||
| 300 | |a 272 p. | ||
| 505 | 0 | |a Características de un sistema de producción de plantas ornamentales -- Tecnología de producción semiforzada y forzada -- Manejo de sustratos -- Calidad del agua y anejo de sistemas de riego -- Sistemas de fertilización -- Propagación de plantas a partir de semillas -- Propagación agámica de plantas -- Implantación de cultivos ornamentales -- Control de la elongación -- Control de la floración -- Manejo de plagas y enfermedades -- Poscosecha de flores cortadas y plantas en maceta -- Producción de flores cortadas : crisantemo -- Producción de flores cortadas : rosa para corte -- Producción de flores cortadas : clavel para corte -- Producción de flores cortadas : gipsofila para cortes -- Producción de plantas de follaje perenne : familia de las araceas -- Producción de plantas anuales | |
| 653 | |a Especies ornamentales | ||
| 859 | |a CEMS |b BIB. CEMS - Agricultura |h 635.9 |i D545 |p A0919.09 |t Ej.1 | ||
